000 00609nam a2200181Ia 4500
008 100920s9999 xx 000 0 und d
082 _b39373
_a491.462 थ 78
100 _aकलगुटकर हिराकांत.
245 _aवेलकम माय डिअर.
260 _bमेहता पब्लिशिंग हाऊस, पुणे 30.
_c1978
300 _a68
_bसाधी
365 _b8
520 _aनाटक.
630 _aवेलकम माय डिअर.
650 _aनाटक.
730 _aवेलकम माय डिअर.
942 _cBOOK
999 _c691003
_d691000